000
00265nam a2200109Ia 4500
008
190216s9999||||xx |||||||||||||| ||und||
100
_a
Varier P M
245
0
_a
Mahacharithamala
260
_b
Kairali Childrens Book Trust
650
_a
Jeeva Charithram
942
_c
BK
999
_c
25585
_d
25585